<?xml version="1.0" encoding="UTF-8"?>
<record
    xmlns:xsi="http://www.w3.org/2001/XMLSchema-instance"
    xsi:schemaLocation="http://www.loc.gov/MARC21/slim http://www.loc.gov/standards/marcxml/schema/MARC21slim.xsd"
    xmlns="http://www.loc.gov/MARC21/slim">

  <leader>00361nam a2200145Ia 4500</leader>
  <controlfield tag="008">220803s9999    xx            000 0 und d</controlfield>
  <datafield tag="020" ind1=" " ind2=" ">
    <subfield code="a">9780415817813</subfield>
  </datafield>
  <datafield tag="041" ind1=" " ind2=" ">
    <subfield code="a">eng</subfield>
  </datafield>
  <datafield tag="082" ind1=" " ind2=" ">
    <subfield code="a">720.28'4 ABR</subfield>
  </datafield>
  <datafield tag="100" ind1=" " ind2=" ">
    <subfield code="a">Abrams M C</subfield>
    <subfield code="9">25043</subfield>
  </datafield>
  <datafield tag="245" ind1=" " ind2=" ">
    <subfield code="a">Art Of City Sketching : A Field Manual</subfield>
  </datafield>
  <datafield tag="260" ind1=" " ind2=" ">
    <subfield code="a">New York</subfield>
    <subfield code="b">Routledge</subfield>
    <subfield code="c">2014</subfield>
  </datafield>
  <datafield tag="300" ind1=" " ind2=" ">
    <subfield code="a">312p</subfield>
  </datafield>
  <datafield tag="500" ind1=" " ind2=" ">
    <subfield code="a">ARCHI</subfield>
  </datafield>
  <datafield tag="999" ind1=" " ind2=" ">
    <subfield code="c">15915</subfield>
    <subfield code="d">15915</subfield>
  </datafield>
  <datafield tag="952" ind1=" " ind2=" ">
    <subfield code="0">0</subfield>
    <subfield code="1">0</subfield>
    <subfield code="4">0</subfield>
    <subfield code="7">3</subfield>
    <subfield code="8">Book of B Arch</subfield>
    <subfield code="a">BNCA</subfield>
    <subfield code="b">BNCA</subfield>
    <subfield code="d">2015-09-09</subfield>
    <subfield code="e">Technical Book Source</subfield>
    <subfield code="g">2346.78</subfield>
    <subfield code="o">720.22 ABR</subfield>
    <subfield code="p">BNCA-BK-9510</subfield>
    <subfield code="r">2022-08-03 00:00:00</subfield>
    <subfield code="v">2346.78</subfield>
    <subfield code="w">2015-08-11</subfield>
    <subfield code="y">RF</subfield>
    <subfield code="z">B09510</subfield>
  </datafield>
  <datafield tag="952" ind1=" " ind2=" ">
    <subfield code="0">0</subfield>
    <subfield code="1">0</subfield>
    <subfield code="4">0</subfield>
    <subfield code="7">0</subfield>
    <subfield code="8">Book of B Arch</subfield>
    <subfield code="a">BNCA</subfield>
    <subfield code="b">BNCA</subfield>
    <subfield code="d">2016-12-13</subfield>
    <subfield code="e">Suyog Enterprises</subfield>
    <subfield code="g">2664.20</subfield>
    <subfield code="o">711.5 ABR</subfield>
    <subfield code="p">BNCA-BK-9968</subfield>
    <subfield code="r">2022-08-03 00:00:00</subfield>
    <subfield code="v">2664.20</subfield>
    <subfield code="w">2016-12-08</subfield>
    <subfield code="y">RF</subfield>
    <subfield code="z">B09968</subfield>
  </datafield>
</record>
